Zwycięzcy Klasyfikacji Medalowej Letnich Igrzysk Olimpijskich - Statystyki

Ogólne statystyki
  • Ten quiz został rozwiązany 62 razy
  • Średni wynik to 27 z 29
Statystyki odpowiedzi
IO Zwycięzca % Poprawnych
Pekin 2008 Chiny
100%
Tokio 2020 Stany Zjednoczone
100%
Rio 2016 Stany Zjednoczone
100%
Londyn 2012 Stany Zjednoczone
100%
Ateny 2004 Stany Zjednoczone
100%
Sydney 2000 Stany Zjednoczone
100%
Atlanta 1996 Stany Zjednoczone
100%
Los Angeles 1984 Stany Zjednoczone
100%
Meksyk 1968 Stany Zjednoczone
100%
Tokio 1964 Stany Zjednoczone
100%
Helsinki 1952 Stany Zjednoczone
100%
Londyn 1948 Stany Zjednoczone
100%
Los Angeles 1932 Stany Zjednoczone
100%
Amsterdam 1928 Stany Zjednoczone
100%
Paryż 1924 Stany Zjednoczone
100%
Antwerpia 1920 Stany Zjednoczone
100%
Sztokholm 1912 Stany Zjednoczone
100%
St. Louis 1904 Stany Zjednoczone
100%
Ateny 1896 Stany Zjednoczone
100%
Paryż 1900 Francja
97%
Berlin 1936 Niemcy
97%
Londyn 1908 Wielka Brytania
93%
Seul 1988 Związek Radziecki
88%
Moskwa 1980 Związek Radziecki
88%
Montreal 1976 Związek Radziecki
88%
Monachium 1972 Związek Radziecki
88%
Rzym 1960 Związek Radziecki
88%
Melbourne 1956 Związek Radziecki
88%
Barcelona 1992 Wspólna Reprezentacja
28%
Nie znaleziono quizów pasujących do podanych kryteriów
Rozkład punktacji
Procent ludzi z każdym wynikiem
Percentyl według liczby udzielonych odpowiedzi
Twoja historia wyników
Nie rozwiązałeś tego quizu